Statistics for Male Celebrities A-Z

Click here to take the quiz!

General Stats

  • This quiz has been taken 146 times
  • The average score is 12 of 25

Answer Stats

Answer% Correct
Barack Obama
95%
Donald Trump
95%
Johnny Depp
90%
Elvis Presley
85%
John F Kennedy
82%
David Beckham
81%
Stephen Hawking
75%
Harrison Ford
69%
Paul McCartney
57%
Mick Jagger
56%
Tiger Woods
50%
Sean Connery
45%
Christopher Reeve
41%
Hugh Laurie
40%
Zinedine Zidane
39%
Boris Yeltsin
33%
Noel Edmonds
20%
Peter Ustinov
20%
Peter Sellers
19%
Bob Geldof
17%
James Nesbitt
16%
Rudolph Valentino
16%
Adam Ant
11%
Rhys Ifans
11%
Anthony Quayle
8%

Score Distribution

Percentile by Number Answered

Percent of People with Each Score

Your Score History

You have not taken this quiz